| 000 | 01398nam a2200325Ia 4500 | ||
|---|---|---|---|
| 001 | ebr10380884 | ||
| 003 | CaPaEBR | ||
| 006 | m u | ||
| 007 | cr cn||||||||| | ||
| 008 | 061103s2006 dcua sb i000 0 eng d | ||
| 040 |
_aCaPaEBR _cCaPaEBR |
||
| 035 | _a(OCoLC)694141188 | ||
| 050 | 1 | 4 |
_aHC60 _b.P73 2006eb |
| 100 | 1 |
_aPrati, Alessandro, _d1961- |
|
| 245 | 1 | 0 |
_aAid volatility and Dutch disease _h[electronic resource] : _bis there a role for macroeconomic policies? / _cAlessandro Prati and Thierry Tressel. |
| 260 |
_aWashington, D.C. : _bInternational Monetary Fund, Research Dept., _cc2006. |
||
| 300 |
_a63 p. : _bill. |
||
| 490 | 1 |
_aIMF working paper ; _vWP/06/145 |
|
| 500 | _a"June 2006." | ||
| 504 | _aIncludes bibliographical references (p. 59-63). | ||
| 533 |
_aElectronic reproduction. _bPalo Alto, Calif. : _cebrary, _d2011. _nAvailable via World Wide Web. _nAccess may be limited to ebrary affiliated libraries. |
||
| 650 | 0 |
_aEconomic assistance _xEconometric models. |
|
| 650 | 0 |
_aEconomic policy _xEconometric models. |
|
| 655 | 7 |
_aElectronic books. _2local |
|
| 700 | 1 | _aTressel, Thierry. | |
| 710 | 2 |
_aInternational Monetary Fund. _bResearch Dept. |
|
| 710 | 2 | _aebrary, Inc. | |
| 830 | 0 |
_aIMF working paper ; _vWP/06/145. |
|
| 856 | 4 | 0 |
_uhttp://site.ebrary.com/lib/rucke/Doc?id=10380884 _zAn electronic book accessible through the World Wide Web; click to view |
| 999 |
_c207092 _d207092 |
||